<?xml version="1.0" encoding="UTF-8"?>
<collection xmlns="http://www.loc.gov/MARC21/slim">
  <record>
    <leader>00000nam  2200000   4500</leader>
    <controlfield tag="001">INLIS000000000018299</controlfield>
    <controlfield tag="005">20240926081256</controlfield>
    <datafield tag="035" ind1="#" ind2="#">
      <subfield code="a">0010-0924000128</subfield>
    </datafield>
    <controlfield tag="007">ta</controlfield>
    <controlfield tag="008">240926###########################0######</controlfield>
    <datafield tag="245" ind1="#" ind2="#">
      <subfield code="a">PASTIMI KASI ASN KEREN :</subfield>
      <subfield code="b">Pemanfaatan Sistem Informasi Aplikasi Konseling dan Konsultasi ASN Keren /</subfield>
      <subfield code="c">Muhammad Ishak, S.KOM.,MM</subfield>
    </datafield>
    <datafield tag="260" ind1="#" ind2="#">
      <subfield code="a">Makassar :</subfield>
      <subfield code="b">Puslatbang KMP LAN,</subfield>
      <subfield code="c">2024</subfield>
    </datafield>
    <datafield tag="300" ind1="#" ind2="#">
      <subfield code="a">25 ;</subfield>
      <subfield code="c">30</subfield>
    </datafield>
    <datafield tag="700" ind1=" " ind2="#">
      <subfield code="a">Milawati, SS.,MM (Coach)</subfield>
    </datafield>
    <datafield tag="700" ind1=" " ind2="#">
      <subfield code="a">Andi Wahyuni A Buchaerah, SP.,M.SI (Mentor)</subfield>
    </datafield>
    <datafield tag="520" ind1="#" ind2="#">
      <subfield code="a">PASTIMI AKSI ASN KEREN adalah akronim dari PEMANFAATAN SISTEM INFORMASI APLIKASI KONSELING DAN KONSULTASI ASN KEREN yang merupakan salah satu dari inovasi informasi untuk Aduan, konseling dan konsultasi secara inline melalui suatu aplikasi yang didedikasikan untuk memberikan pelayanan aduan dan konsultasi secara online bagi Aparatur Sipil Negara (ASN) lingkup Pemerintah Kabupaten Maros yang terkait kinerja dan kedisiplinan maka dapat kesempatan untuk memberi bimbingan dan dukungan dalam pengembangan karir, peningkatan kompetensi, manajemen stress, penyelesaian konflik, dan aspek lain yang berhubungan dengan performa kesejahteraan ASN. dan&#13;
&#13;
Aplikasi ini didesign sebagai media untuk pengaduan, konseling dan konsultasi terkait permasalahan-permasalahan dalam ASN lingkup Pemerintah Kabupaten Maros, dalam hal ini ASN tidak menunjukkan kemajuan kinerja.</subfield>
    </datafield>
    <datafield tag="600" ind1="#" ind2="4">
      <subfield code="a">Implementasi Aksi Perubahan</subfield>
    </datafield>
    <datafield tag="856" ind1="#" ind2="#">
      <subfield code="a">Puslatbang KMP LAN Makassar</subfield>
    </datafield>
  </record>
</collection>
